00430nam a2200157Ia 4500008004100000020001300041082001200054100002000066245002200086250000700108260004500115300002600160500001900186600003300205650003400238240925s9999 xx 000 0 und d a23544813 a540 HIL aHill ,John W. 0aGeneral Chemistry aNA aNew Jersey:bPrintice- Hall Int.c,1996. ax,852p.bNAfOriginal aIncludes Index aHumanities & Natural Science aChemistry and allied sciences